LEADER 00970cam0 22002771 450 001 SOBE00021123 005 20150520100459.0 100 $a20111230d1993 |||||ita|0103 ba 101 $aeng 102 $aGB 200 1 $aMeasure for Measure$fedited by J. W. Lever 210 $aLondon$aNew York$cRoutledge$d1993 215 $aXCVIII, 204 p.$d20 cm 225 2 $aThe Arden Edition of the Works of William Shakespeare 410 1$1001LAEC00015276$12001 $a*The Arden Edition of the Works of William Shakespeare 700 1$aShakespeare$b, William$3AF00003630$4070$0132200 702 1$aLever, Julius Walter$3SOBA00002229$4070 801 0$aIT$bUNISOB$c20150520$gRICA 850 $aUNISOB 852 $aUNISOB$j820$m81984 912 $aSOBE00021123 940 $aM 102 Monografia moderna SBN 941 $aM 957 $a820$b001544$gSI$d81984$1rovito$2UNISOB$3UNISOB$420111230143756.0$520111230143812.0$6rovito 996 $aMeasure for measure$924941 997 $aUNISOB LEADER 06753nam 2201177 450 001 9910827894503321 005 20230729084910.0 010 $a3-13-258179-8 010 $a3-13-242310-6 024 7 $a10.1055/b-006-149767 035 $a(CKB)4340000000263630 035 $a(MiAaPQ)EBC5341384 035 $a10.1055-b-006-149767 035 $a(DE-2912)1525440798112 035 $a(EXLCZ)994340000000263630 100 $a20180517d2017 uy 0 101 0 $aeng 135 $aurcnu|||||||| 181 $ctxt 182 $cc 183 $acr 200 10$aAO Principles of Fracture Management $eVol. 1: Principles, Vol. 2: Specific fractures /$fby: Buckley, Richard E, Moran, Christopher G, Apivatthakakul, Theerachai 205 $aThird edition 210 1$aStuttgart$cThieme$d[2017-2017] 215 $a1 Online-Ressource (2 Bände, XVIII, 1000, 40 Seiten)$cIllustrationen$d28 cm x 21 cm 300 $aAuf dem Umschlag: includes the e-book and online content via QR codes 300 $aIncludes over 200 videos and figures animations as well as over 2,500 images and illustraions 311 08$aErscheint auch als Druckausgabe AO principles of fracture management 313242309-2 AC15380139 606 $aFractures$xTreatment 615 0$aFractures$xTreatment. 676 $a617.15 700 $aRüedi$b Thomas P$4aut$4http://id.loc.gov/vocabulary/relators/aut$01683674 702 $aBuckley$b Richard E$4edt$4http://id.loc.gov/vocabulary/relators/edt 702 $aMoran$b Christopher G$4edt$4http://id.loc.gov/vocabulary/relators/edt 702 $aApivatthakakul$b Theerachai$4edt$4http://id.loc.gov/vocabulary/relators/edt 702 $aArraf$b John$4aut$4http://id.loc.gov/vocabulary/relators/aut 702 $aBabst$b Reto$4aut$4http://id.loc.gov/vocabulary/relators/aut 702 $aBalogh$b Zsolt J$4aut$4http://id.loc.gov/vocabulary/relators/aut 702 $aBarbosa$b Paulo$4aut$4http://id.loc.gov/vocabulary/relators/aut 702 $aBarla$b Jorge Daniel$4aut$4http://id.loc.gov/vocabulary/relators/aut 702 $aBaumgaertel$b Friedrich$4aut$4http://id.loc.gov/vocabulary/relators/aut 702 $aBernstein$b Brian$4aut$4http://id.loc.gov/vocabulary/relators/aut 702 $aBlauth$b Michael$4aut$4http://id.loc.gov/vocabulary/relators/aut 702 $aBorens$b Olivier$4aut$4http://id.loc.gov/vocabulary/relators/aut 702 $aCampell$b Douglas A$4aut$4http://id.loc.gov/vocabulary/relators/aut 702 $aCapo$b John T$4aut$4http://id.loc.gov/vocabulary/relators/aut 702 $aChong$b Keenwai$4aut$4http://id.loc.gov/vocabulary/relators/aut 702 $aBoer$b Piet de$4aut$4http://id.loc.gov/vocabulary/relators/aut 702 $aDhillon$b Mandeep$4aut$4http://id.loc.gov/vocabulary/relators/aut 702 $aDimai$b Hans Peter$4aut$4http://id.loc.gov/vocabulary/relators/aut 702 $aForward$b Daren$4aut$4http://id.loc.gov/vocabulary/relators/aut 702 $aGiannoudis$b Peter$4aut$4http://id.loc.gov/vocabulary/relators/aut 702 $aGosch$b Markus$4aut$4http://id.loc.gov/vocabulary/relators/aut 702 $aGrujic$b Les$4aut$4http://id.loc.gov/vocabulary/relators/aut 702 $aGueorguiev-Rüegg$b Boyko$4aut$4http://id.loc.gov/vocabulary/relators/aut 702 $aHahn$b David M$4aut$4http://id.loc.gov/vocabulary/relators/aut 702 $aHarder$b Yves$4aut$4http://id.loc.gov/vocabulary/relators/aut 702 $aHessmann$b Martin H$4aut$4http://id.loc.gov/vocabulary/relators/aut 702 $aHöntzsch$b Dankward$4aut$4http://id.loc.gov/vocabulary/relators/aut 702 $aHunter$b James B$4aut$4http://id.loc.gov/vocabulary/relators/aut 702 $aJiang$b Chunyan$4aut$4http://id.loc.gov/vocabulary/relators/aut 702 $aKastelec$b Matej$4aut$4http://id.loc.gov/vocabulary/relators/aut 702 $aKates$b Stephen L$4aut$4http://id.loc.gov/vocabulary/relators/aut 702 $aKellam$b James F$4aut$4http://id.loc.gov/vocabulary/relators/aut 702 $aKfuri$b Mauricio$4aut$4http://id.loc.gov/vocabulary/relators/aut 702 $aKhaled$b Sherif A$4aut$4http://id.loc.gov/vocabulary/relators/aut 702 $aKreder$b Hans J$4aut$4http://id.loc.gov/vocabulary/relators/aut 702 $aKwek$b Ernest$4aut$4http://id.loc.gov/vocabulary/relators/aut 702 $aLee$b Mark A$4aut$4http://id.loc.gov/vocabulary/relators/aut 702 $aLiu$b Fan$4aut$4http://id.loc.gov/vocabulary/relators/aut 702 $aLuger$b Thomas J$4aut$4http://id.loc.gov/vocabulary/relators/aut 702 $aLuo$b Cong-Feng$4aut$4http://id.loc.gov/vocabulary/relators/aut 702 $aMa$b Ching-Hou$4aut$4http://id.loc.gov/vocabulary/relators/aut 702 $aMcKee$b Michael$4aut$4http://id.loc.gov/vocabulary/relators/aut 702 $aMosheiff$b Rami$4aut$4http://id.loc.gov/vocabulary/relators/aut 702 $aNijs$b Stefaan$4aut$4http://id.loc.gov/vocabulary/relators/aut 702 $aNousiainen$b Markku$4aut$4http://id.loc.gov/vocabulary/relators/aut 702 $aOdat$b Mahmoud M$4aut$4http://id.loc.gov/vocabulary/relators/aut 702 $aOh$b Chang-Wug$4aut$4http://id.loc.gov/vocabulary/relators/aut 702 $aOh$b Jong-Keon$4aut$4http://id.loc.gov/vocabulary/relators/aut 702 $aPesántez$b Rodrigo$4aut$4http://id.loc.gov/vocabulary/relators/aut 702 $aPhornphutkul$b Chanakarn$4aut$4http://id.loc.gov/vocabulary/relators/aut 702 $aPorteous$b Matthew$4aut$4http://id.loc.gov/vocabulary/relators/aut 702 $aRichards$b R. Geoff$4aut$4http://id.loc.gov/vocabulary/relators/aut 702 $aRing$b David$4aut$4http://id.loc.gov/vocabulary/relators/aut 702 $aSchütz$b Michael$4aut$4http://id.loc.gov/vocabulary/relators/aut 702 $aSimmermacher$b Rogier KJ$4aut$4http://id.loc.gov/vocabulary/relators/aut 702 $aSirkin$b Michael S$4aut$4http://id.loc.gov/vocabulary/relators/aut 702 $aSlongo$b Theddy$4aut$4http://id.loc.gov/vocabulary/relators/aut 702 $aSmith$b R Malcolm$4aut$4http://id.loc.gov/vocabulary/relators/aut 702 $aSnape$b Susan$4aut$4http://id.loc.gov/vocabulary/relators/aut 702 $aSommer$b Christoph$4aut$4http://id.loc.gov/vocabulary/relators/aut 702 $aStannard$b James$4aut$4http://id.loc.gov/vocabulary/relators/aut 702 $aStoddart$b Martin$4aut$4http://id.loc.gov/vocabulary/relators/aut 702 $aTaha$b Wa'el$4aut$4http://id.loc.gov/vocabulary/relators/aut 702 $aWilliams$b John R$4aut$4http://id.loc.gov/vocabulary/relators/aut 801 0$bDE-2912 906 $aBOOK 912 $a9910827894503321 996 $aAO Principles of Fracture Management$94054622 997 $aUNINA